[Event "Rheinland Pfalz op 9th"]
[Site "Lambsheim"]
[Date "2017.06.18"]
[Round "7"]
[White "Mueller, Markus"]
[Black "Muckle, Richard"]
[Result "1-0"]
[WhiteElo "2144"]
[BlackElo "1957"]
[PlyCount "71"]
[EventDate "2017.06.15"]
[EventType "swiss"]
[EventRounds "7"]
[EventCountry "GER"]
[SourceTitle "CBM 178 Extra"]
[Source "ChessBase"]
[SourceDate "2017.06.22"]
[SourceVersion "1"]
[SourceVersionDate "2017.06.22"]
[SourceQuality "1"]

1. Nf3 d5 2. g3 e6 3. Bg2 Be7 4. 0-0 Nd7 5. d3 Ngf6 6. Nbd2 0-0 7. e4 dxe4 8. dxe4 Nc5 9. e5 Nd5 10. Qe2 c6 11. Rd1 Qc7 12. Nc4 b5 13. Ne3 a5 14. Ng4 Bb7 15. Ng5 Bxg5 16. Bxg5 f5 17. exf6 Nxf6 18. Bf4 Qf7 19. Nxf6+ Qxf6 20. Bd6 Nd7 21. Bxf8 Nxf8 22. c3 b4 23. Qe3 Re8 24. Qb6 Re7 25. cxb4 axb4 26. Qxb4 Rf7 27. Qd4 e5 28. Qb6 Ne6 29. Rd6 g6 30. Bh3 c5 31. f4 exf4 32. Bxe6 fxg3 33. Bxf7+ Qxf7 34. Qd8+ Kg7 35. Rd7 gxh2+ 36. Kxh2 1-0

[Event "Wiesbaden op 27th"]
[Site "Wiesbaden"]
[Date "2015.08.30"]
[Round "7"]
[White "Muckle, Richard"]
[Black "Viol, Julius"]
[Result "1-0"]
[WhiteElo "1719"]
[BlackElo "1555"]
[PlyCount "97"]
[EventDate "2015.08.27"]
[EventType "swiss"]
[EventRounds "7"]
[EventCountry "GER"]
[SourceTitle "EXT 2016"]
[Source "ChessBase"]
[SourceDate "2015.10.08"]
[SourceVersion "1"]
[SourceVersionDate "2015.10.08"]
[SourceQuality "1"]

1. d4 d5 2. c4 e6 3. e3 Nf6 4. Nc3 Be7 5. Be2 0-0 6. Nf3 Nbd7 7. 0-0 b6 8. cxd5 exd5 9. Ne5 Bb7 10. Bf3 Nxe5 11. dxe5 Ne4 12. Qc2 Nxc3 13. bxc3 Re8 14. c4 Bf8 15. Bb2 c6 16. Rfd1 g6 17. e4 Bg7 18. exd5 c5 19. Re1 Qg5 20. Bc1 Qd8 21. Bb2 Qg5 22. Qc1 Qf5 23. Qe3 Qc2 24. Qe2 Qxe2 25. Rxe2 Ba6 26. Rc1 Rad8 27. g3 Bb7 28. Kg2 Re7 29. d6 Bxf3+ 30. Kxf3 Re6 31. Rd1 Rd7 32. Ke4 f5+ 33. Kd5 Kf7 34. f4 Bf8 35. Kc6 Ke8 36. Rdd2 Kd8 37. a4 Ke8 38. Bc3 Bh6 39. h4 Bf8 40. a5 bxa5 41. Bxa5 Bg7 42. Kxc5 Bf8 43. Kc6 Bh6 44. c5 Bf8 45. Kd5 Kf7 46. c6 Rdxd6+ 47. exd6 Rxd6+ 48. Kc4 Rxc6+ 49. Kb3 1-0

[Event "Wiesbaden op 27th"]
[Site "Wiesbaden"]
[Date "2015.08.28"]
[Round "2"]
[White "Kuenne, Lutz Dieter"]
[Black "Muckle, Richard"]
[Result "0-1"]
[WhiteElo "1556"]
[BlackElo "1719"]
[PlyCount "108"]
[EventDate "2015.08.27"]
[EventType "swiss"]
[EventRounds "7"]
[EventCountry "GER"]
[SourceTitle "EXT 2016"]
[Source "ChessBase"]
[SourceDate "2015.10.08"]
[SourceVersion "1"]
[SourceVersionDate "2015.10.08"]
[SourceQuality "1"]

1. e4 e6 2. Nf3 d5 3. exd5 exd5 4. d4 Nf6 5. Be2 Be7 6. 0-0 0-0 7. Bf4 Nc6 8. c3 Re8 9. Qc2 Bg4 10. Nbd2 Bd6 11. Be3 Qd7 12. Bd3 h6 13. Nh4 Bh3 14. Bf5 Bxf5 15. Nxf5 Ne4 16. Nxd6 Qxd6 17. Nxe4 Rxe4 18. Rae1 Rae8 19. Qc1 a6 20. Bd2 Rxe1 21. Rxe1 Rxe1+ 22. Qxe1 Qe7 23. Kf1 Kf8 24. Bf4 Qd7 25. Qe3 Ne7 26. Ke1 Ng6 27. Qg3 Qe6+ 28. Kd2 c6 29. Be3 Ne7 30. Qb8+ Qc8 31. Qd6 Ke8 32. Qe5 Kf8 33. Qd6 b5 34. b4 f6 35. h3 Kf7 36. Qg3 Qf5 37. Kc1 Qd3 38. Bd2 Qxg3 39. fxg3 Nf5 40. g4 Nd6 41. Kc2 Nc4 42. g3 Kg6 43. h4 f5 44. gxf5+ Kxf5 45. Bf4 g5 46. hxg5 hxg5 47. Bc7 Ke4 48. Bb8 Kf3 49. Be5 Ne3+ 50. Kd2 Nf1+ 51. Ke1 Nxg3 52. Kd1 Ne4 53. Kc2 g4 54. Kb3 g3 0-1

[Event "Wiesbaden op 27th"]
[Site "Wiesbaden"]
[Date "2015.08.28"]
[Round "3"]
[White "Muckle, Richard"]
[Black "Faerber, David"]
[Result "1/2-1/2"]
[WhiteElo "1719"]
[BlackElo "1957"]
[PlyCount "56"]
[EventDate "2015.08.27"]
[EventType "swiss"]
[EventRounds "7"]
[EventCountry "GER"]
[SourceTitle "EXT 2016"]
[Source "ChessBase"]
[SourceDate "2015.10.08"]
[SourceVersion "1"]
[SourceVersionDate "2015.10.08"]
[SourceQuality "1"]

1. d4 d5 2. e3 Nf6 3. c4 c6 4. Nc3 e6 5. Be2 Nbd7 6. Nf3 dxc4 7. Bxc4 b5 8. Bd3 Bd6 9. 0-0 0-0 10. Ne4 Nxe4 11. Bxe4 Bb7 12. Qc2 Nf6 13. Nd2 Qc7 14. h3 Rac8 15. Bf3 c5 16. dxc5 Bxc5 17. Ne4 Bxe4 18. Bxe4 Qe5 19. Bd3 a6 20. Qe2 Rfd8 21. Rd1 Nd5 22. a4 Nb4 23. axb5 Nxd3 24. Rxd3 axb5 25. Rxd8+ Rxd8 26. Qf3 Qd5 27. Qxd5 Rxd5 28. Kh2 f6 1/2-1/2

[Event "Rheinland Pfalz op 7th"]
[Site "Frankenthal"]
[Date "2015.06.06"]
[Round "2"]
[White "Muckle, Richard"]
[Black "Walter, Stefan"]
[Result "1/2-1/2"]
[WhiteElo "1563"]
[BlackElo "1964"]
[PlyCount "69"]
[EventDate "2015.06.04"]
[EventType "swiss"]
[EventRounds "7"]
[EventCountry "GER"]
[SourceTitle "EXT 2017"]
[Source "ChessBase"]
[SourceDate "2016.10.25"]
[SourceVersion "1"]
[SourceVersionDate "2016.10.25"]
[SourceQuality "1"]

1. d4 Nf6 2. c4 e6 3. e3 d5 4. Nf3 c5 5. Nc3 Nc6 6. Be2 cxd4 7. Nxd4 e5 8. Nxc6 bxc6 9. cxd5 cxd5 10. Bb5+ Bd7 11. Qa4 a6 12. Bxd7+ Qxd7 13. Qxd7+ Kxd7 14. 0-0 Bc5 15. Rd1 Ke6 16. Bd2 Rhc8 17. Rac1 Ba7 18. Ne2 Rab8 19. Kf1 Ne4 20. Ke1 Nxd2 21. Rxd2 Rxc1+ 22. Nxc1 Rc8 23. Nb3 Bb6 24. Kd1 a5 25. Rc2 Rxc2 26. Kxc2 f5 27. a4 g5 28. Kd3 f4 29. e4 g4 30. f3 gxf3 31. gxf3 Kd6 32. h3 d4 33. Kc4 Kc6 34. Nc1 Bc7 35. Nd3 1/2-1/2